LDR 00763naa#a2200169#i#450# 001 EN\\bibl\119678 005 20260426084240.7 011 ## _a2782-4586 100 ## _a20260331b2026####ek#y0engy0150####ca 102 ## _aRU 200 1# _aFinancial risk management as protection of freedom and life of business _eJournal article 210 1# _aMoscow _cITBO University _d2026 215 ## _a5 с. 608 ## _aJournal article _2local 675 ## _aФинансовое выравнивание. Долевое финансирование. 336.15 _aОтдельные научно-технические планы и проекты, имеющие особое народнохозяйственное значение. 338.28 _z 700 #1 _aKeshishyan _gAndranik Sarkisovich 856 4# _ajomeam.ru _u